Quiz di cultura generale #8 - Statistics

Statistiche generali
  • Questo quiz è stato fatto 2.103 volte
  • Il punteggio medio è 12 su 20
Statistiche sulle risposte
DOMANDA RISPOSTA % Corretto
Quale era la valuta italiana prima dell'Euro? Lira
99%
Quale sostanza veniva messa nei termometri? Mercurio
97%
Quale fiume bagna Parigi? Senna
95%
Dipinse la volta della Cappella Sistina Michelangelo
89%
Quale parte del corpo può essere affetta da cataratta? Occhio
89%
La sua capitale è Lima Perù
84%
Cosa significa la parola latina Rex? Re
80%
Quale famoso teatro parigino di cabaret ha il nome che significa Mulino Rosso? Moulin Rouge
75%
Scrittore di 1984 Orwell/George Orwell
70%
Qual era il nome del cane di Ulisse e anche di una città greca? Argo
63%
Qual è il più grande stadio nel Regno Unito Wembley
62%
Quale nazione ha un territorio più vicino agli Usa esclusi Canada e Messico? Russia
57%
Quale famoso documento il re Giovanni d'Inghilterra fu obbligato a firmare nel 1215? Magna Charta/Magna Carta
55%
Quanto vale 5!? (5 fattoriale) 120
53%
Mare che separa Sudan e Arabia Saudita Rosso
47%
Quale presidente Usa autorizzò lo sganciamento delle bombe nucleari? Truman
34%
Il suo simbolo è W Wolframio/Tungsteno
26%
Vincitrice del primo Sanremo Nilla Pizzi/Pizzi
23%
Quale imperatore romano ebbe come amante Antinoo? Adriano
18%
Qui San Francesco fece il primo presepe della storia Greccio
10%
Nessun quiz corrispondente trovato
Distribuzione punteggi
Percentuale di utenti per punteggio
Percentile per numero di risposta
I tuoi punteggi nel tempo
Non hai fatto questo quiz